Diario de greg 3: ¡èsto es el como! /

Guardado en:
Autor Principal: Kinney, Jeff
Formato: Libro
Publicado: Buenos Aires : Del Nuevo Extramo, 2011.
Materias:
Etiquetas: Agregar Etiqueta
Sin Etiquetas, Sea el primero en etiquetar este registro!
LEADER 00654nam a22002175a 4500
001 CEM.cems018606
005 20180129093214.0
008 130507s2011##################000#0#####d
003 CEMS
020 |a 9789876092722 
082 0 4 |a 813.5 
100 1 |a Kinney, Jeff 
245 1 0 |a Diario de greg 3: ¡èsto es el como! /  |c Jeff Kinney, Esteban Morán (traductor) 
260 |a Buenos Aires :  |b Del Nuevo Extramo,  |c 2011. 
300 |a 224p. ; 21cm 
600 1 4 |a Jeff, Kinney 
653 |a Literatura juvenil 
653 |a Historietas 
653 |a Novela gràfica 
653 |a Novela estadounidense. 
859 |a CEMS  |b BIB. CEMS - Agricultura  |h 813.5  |i K55  |p A2989.17  |t Ej.1